Countries Hillary Clinton has visitied - Statistics

General Stats
  • This quiz has been taken 128 times
  • The average score is 84 of 109
Answer Stats
Continent Country % Correct
North America Canada
96%
South America Argentina
91%
South America Brazil
91%
Oceania Australia
89%
Europe Finland
89%
North America Mexico
89%
Oceania New Zealand
89%
Europe Sweden
89%
Europe United Kingdom
89%
South America Chile
88%
Asia India
88%
Asia Japan
88%
Asia/ Europe Russia
88%
Asia Saudi Arabia
88%
Asia Afghanistan
86%
Africa Algeria
86%
Asia China
86%
Europe France
86%
Europe Ireland
86%
Europe Norway
86%
South America Peru
86%
Africa South Africa
86%
Asia United Arab Emirates
86%
South America Colombia
84%
Europe Denmark
84%
South America Ecuador
84%
Europe Germany
84%
Europe Greece
84%
Asia Indonesia
84%
Europe Portugal
84%
Asia South Korea
84%
Europe Spain
84%
Asia/ Europe Turkey
84%
Asia Yemen
84%
North America Dominican Republic
82%
Africa Egypt
82%
North America El Salvador
82%
Europe Estonia
82%
Europe Hungary
82%
Asia Iraq
82%
Asia Israel
82%
Asia Laos
82%
Europe Switzerland
82%
Asia Vietnam
82%
Africa Angola
80%
Europe Belgium
80%
Asia Cambodia
80%
Africa Ethiopia
80%
North America Haiti
80%
Africa Morocco
80%
Asia Pakistan
80%
Europe the Netherlands
80%
Europe Ukraine
80%
Europe Albania
79%
Europe Czech Republic
79%
Africa Kenya
79%
Asia Oman
79%
Europe Poland
79%
Asia Qatar
79%
North America Costa Rica
77%
Europe Croatia
77%
Africa Democratic Republic of the Congo
77%
North America Guatemala
77%
North America Honduras
77%
Europe Latvia
77%
Africa Libya
77%
Europe Lithuania
77%
Europe Serbia
77%
Asia Thailand
77%
Asia the Philippines
77%
Europe Bulgaria
75%
Asia Kuwait
75%
Asia Lebanon
75%
Africa Nigeria
75%
South America Uruguay
75%
Asia Armenia
73%
Asia Bahrain
73%
Asia Bangladesh
73%
Asia Kazakhstan
73%
Africa Tunisia
73%
Asia Brunei
71%
Africa Ghana
71%
North America Jamaica
71%
Asia Malaysia
71%
Asia Tajikistan
71%
Africa Tanzania
71%
Asia Azerbaijan
70%
North America Barbados
70%
Europe Bosnia and Herzegovina
68%
Asia Georgia
68%
Asia Singapore
68%
Africa Benin
66%
Europe Malta
66%
Asia Mongolia
66%
Asia Myanmar
66%
Africa Senegal
66%
Africa Uganda
66%
Africa Zambia
66%
Europe Kosovo
64%
Africa Togo
64%
Asia Uzbekistan
64%
Asia Kyrgyzstan
63%
Oceania Papua New Guinea
63%
North America Trinidad and Tobago
54%
Africa Malawi
45%
Africa South Sudan
41%
Africa Cape Verde
39%
Asia Palestine
39%
Asia Timor Leste
39%
No matching quizzes found
Score Distribution
Percent of People with Each Score
Percentile by Number Answered
Your Score History
You have not taken this quiz